| 000 | 00356 a2200145 4500 | ||
|---|---|---|---|
| 999 |
_c325225 _d325225 |
||
| 001 | 90152 | ||
| 003 | NUST | ||
| 082 | _a297.63 WAS | ||
| 100 |
_aWasif Ali Wasif _92946 |
||
| 245 |
_aShab e Charagh _cWasif Ali Wasif _hUrdu |
||
| 250 | _a1st | ||
| 260 |
_aLahore _bKashif Publications _c1994 |
||
| 300 | _a256p. | ||
| 500 | _aGeneral Collection | ||
| 942 |
_aCAE NUST _cBK _k297.63 WAS _2ddc |
||